The noble scholar, jurist, historian


 His Excellency Dr. Abdul Wahhab bin Ibrahim Abu Sulaiman, may Allah have mercy on him.


 He was born in Umm Al-Qura in the year 1356 AH.

فقه عبد الله بن مسعود رضي الله عنه في المعاملات (Record no. 13527)

MARC details
000 -LEADER
fixed length control field 01360nmm a22002891a 4500
003 - CONTROL NUMBER IDENTIFIER
control field SA-RiAUC
005 - DATE AND TIME OF LATEST TRANSACTION
control field 20251214142839.0
006 - FIXED-LENGTH DATA ELEMENTS--ADDITIONAL MATERIAL CHARACTERISTICS
fixed length control field m f d             
007 - PHYSICAL DESCRIPTION FIXED FIELD--GENERAL INFORMATION
fixed length control field co uu ---uuauu         
008 - FIXED-LENGTH DATA ELEMENTS--GENERAL INFORMATION
fixed length control field 251206s1997 su fsm d 00000 ara c
040 ## - CATALOGING SOURCE
Original cataloging agency SA-JeALM
Language of cataloging ara
Transcribing agency SA-RiAUC
Description conventions rda
082 04 - DEWEY DECIMAL CLASSIFICATION NUMBER
Classification number 253
090 ## - LOCALLY ASSIGNED LC-TYPE CALL NUMBER (OCLC); LOCAL CALL NUMBER (RLIN)
Classification number (OCLC) (R) ; Classification number, CALL (RLIN) (NR) ر 253
Local cutter number (OCLC) ; Book number/undivided call number, CALL (RLIN) ب ا ز
100 1# - MAIN ENTRY--PERSONAL NAME
Personal name باز، فضل الحق نور محمد
245 10 - TITLE STATEMENT
Title فقه عبد الله بن مسعود رضي الله عنه في المعاملات
Medium [ملف كمبيوتر] /
Statement of responsibility, etc. إعداد فضل الحق نور محمد باز ؛ إشراف محمد سعيد بن سعد الحارثي.
260 ## - PUBLICATION, DISTRIBUTION, ETC.
Date of publication, distribution, etc. 1997
264 ## - PRODUCTION, PUBLICATION, DISTRIBUTION, MANUFACTURE, AND COPYRIGHT NOTICE
Place of production, publication, distribution, manufacture مكة المكرمة :
Name of producer, publisher, distributor, manufacturer جامعة أم القرى
Date of production, publication, distribution, manufacture, or copyright notice 1997
300 ## - PHYSICAL DESCRIPTION
Extent 488 ورقة؛
Dimensions 30 سم.
500 ## - GENERAL NOTE
General note أطروحة (ماجستير)-جامعة أم القرى، كلية الشريعة، 1997.
502 ## - DISSERTATION NOTE
Dissertation note أطروحة (ماجستير)-جامعة أم القرى، كلية الشريعة، 1997.
516 ## - TYPE OF COMPUTER FILE OR DATA NOTE
Type of computer file or data note نص.
600 17 - SUBJECT ADDED ENTRY--PERSONAL NAME
Personal name ابن مسعود، عبد الله بن مسعود بن غافل،
Dates associated with a name توفي 32 هجري.
Source of heading or term aucnm
650 #7 - SUBJECT ADDED ENTRY--TOPICAL TERM
Topical term or geographic name entry element المعاملات (فقه إسلامي)
Source of heading or term aucsh
700 ## - ADDED ENTRY--PERSONAL NAME
Personal name الحارثي, محمد سعيد بن سعد .
Relator term إشراف
942 ## - ADDED ENTRY ELEMENTS (KOHA)
Source of classification or shelving scheme Dewey Decimal Classification
Koha item type رسالة علمية
Suppress in OPAC No
949 ## - LOCAL PROCESSING INFORMATION (OCLC)
a SA-JeALM
d 251206
u mohamedma123
n 1
Holdings
Withdrawn status Lost status Source of classification or shelving scheme Damaged status Not for loan Home library Current library Date acquired Total checkouts Full call number Barcode Date last seen Price effective from Koha item type
    Dewey Decimal Classification     DR AbdElwahab Library DR AbdElwahab Library 12/14/2025   ر 253 ب ا ز 000021694 12/14/2025 12/14/2025 رسالة علمية